| 000 | 01379nac a22003617a 4500 | ||
|---|---|---|---|
| 001 | BR8200734 | ||
| 003 | BR-BrBNA | ||
| 005 | 20240105115230.0 | ||
| 008 | 230509b bl.|||m| |||| 00| 0 por d | ||
| 040 |
_aBR-BrBNA _bpor _cBiblioteca Nacional de Agricultura |
||
| 072 | _aF22; F60 | ||
| 090 | _a0336 BR8200734 | ||
| 100 | 1 | _aResk, D.V.S. | |
| 110 | 1 | _aCentro de Pesquisa Agropecuaria dos Cerrados, Planaltina, DF (Brasil) | |
| 245 | 1 | _aPerdas de solo, agua e elementos quimicos no ciclo da soja, aplicando-se chuva simulada [Glycine max; Nutriente mineral; Absorcao; Chuva artificial; Simulador rotativo] | |
| 246 | 1 | _a[Soil losses, and chemical elements in soybean cycle, using simulated rain [Glycine max; Mineral nutrient; Uptake; Artificial rain; Rotative simulator]] | |
| 260 | 3 |
_aPlanaltina, DF (Brasil): _c1981. |
|
| 300 | _a17 p. | ||
| 490 |
_aBoletim de Pesquisa - Centro de Pesquisa Agropecuaria dos Cerrados (Brazil) _vno. 5 _x |
||
| 500 | _a5 illus.; 11 ref.; Summaries (En, Pt) | ||
| 650 | _aQuimica do solo | ||
| 650 | _aFisica do solo | ||
| 650 | _aFisiologia vegetal | ||
| 650 | _aSolo | ||
| 650 | _aAgua | ||
| 650 | _aNutriente mineral | ||
| 650 | _aAbsorcao | ||
| 650 | _aChuva artificial | ||
| 650 | _aSimulador rotativo | ||
| 650 | _aElemento quimico | ||
| 909 |
_a202312 _bLúcia Elande _c55 _dLúcia Elande |
||
| 942 |
_2AGRIS _n0 _cMS |
||
| 999 |
_c273783 _d273783 |
||